000 00675nam a2200229Ia 4500
003 OSt
005 20220926040103.0
006 a|||||r|||| 00| 0
007 ta
008 220923b |||||||| |||| 00| 0 eng d
037 _cGeneral Book
040 _aRTL
_cRTL
_beng
041 _2eng
_aeng
082 _aX:76, G9
100 _aAbramovitz Moses
_9341738
245 0 _aApproach to a price theory for a changing economy
260 _c1939
490 _aColumbia University, Faculty of Political Science, Studies in History, Economics and Public Law, 453
650 _aPrice
942 _hX:76, G9
_cGB
_2CC
999 _c663815
_d663815